000 01235nam0a2200349 4500
001 RU\NLR\bibl\1694385
005 20250616055512.0
010 _a978-5-7793-1787-0
_94000
021 _aRU
_b2010-20048
_9566д/2010
035 _a(nilc)RSL-KNO-004741081
035 _a(NLR Aleph) 001685488
090 _a1127979
_c1127979
100 _a20100323d2009 |||y0rusy50 ca
101 0 _arus
102 _aRU
105 _aa |||||||||
200 1 _aПутешествие к древним кельтам
_fНаталья Майорова
210 _aМосква
_cБелый город
_d2009
215 _a31 с.
_cцв. ил.
_d27
225 1 _aЧитаем сами
_iИстория
300 _aНа обл. авт. не указан
606 1 _aКельты
_jИздания для детей
_xИстория
_92150946
_3RU\NLR\auth\661295354
686 _aШ9:Т3(0)413.0(2)
_2rubbk
686 _aШ9
_bТ3(0)
700 1 _4070
_7ca
_8rus
_aМайорова
_bН. О.
_f1956-
_gНаталья Олеговна
_935678
_3RU\NLR\auth\7752745
801 0 _aRU
_bРГБ
_c20100323
_grcr
801 1 _aRU
_bРГБ
_c20100323
801 2 _aRU
_bNLR
_c20101103
_grcr
942 _cBOOK
980 _aNB